La loca (Record no. 173889)

MARC details
000 -LEADER
campo de control de longitud fija 00711nam a22001575i 4500
001 - NÚMERO DE CONTROL
campo de control 173889
003 - IDENTIFICADOR DE NÚMERO DE CONTROL
campo de control ES-MaACL
005 - FECHA Y HORA DE LA ÚLTIMA TRANSACCIÓN
campo de control 20230906215401.0
008 - DATOS DE LONGITUD FIJA--INFORMACIÓN GENERAL
campo de control de longitud fija 100128s1841 sp |||| | spa d
245 03 - MENCIÓN DEL TÍTULO
Título La loca
Resto del título : drama en tres actos /
Mención de responsabilidad, etc. traducido del francés por Narciso de la Escosura.
260 ## - PUBLICACIÓN, DISTRIBUCIÓN, ETC.
Lugar de publicación, distribución, etc. [Madrid :
Nombre del editor, distribuidor, etc. Boix],
Fecha de publicación, distribución, etc. 1841 (
Fabricante Imp. de Vicente de Lalama)
300 ## - DESCRIPCIÓN FÍSICA
Extensión 56 p. ;
Dimensiones 17 cm.
500 ## - NOTA GENERAL
Nota general En port.: Representado por primera vez en el teatro del Príncipe.
700 1# - ENTRADA AGREGADA--NOMBRE PERSONAL
Nombre de persona Escosura, Narciso de la.
9 (RLIN) 126955
852 ## - LOCALIZACIÓN
Ubicación ES-MaACL
Número de control de estantería F-8625(7)
Nota libre .- Enc. pasta española
condición física .- Falto de la cub. original
Nota libre .- Enc. en un vol. facticio formando parte de la col. facticia "Teatro español moderno", vol. 80
Holdings
Estatus retirado Estado de pérdida Estado de daño No para préstamo Colección Biblioteca de origen Biblioteca actual Ubicación en estantería Fecha de adquisición Fuente de adquisición Total de préstamos Signatura topográfica completa Código de barras Visto por última vez Precio de reemplazo Tipo de ítem Koha
        Libros del s. XIX Biblioteca del Ateneo de Madrid Biblioteca del Ateneo de Madrid Sala Pecera Planta 2 28/01/2010     F-8625(7) 1182526 23/02/2023 23/02/2023 Libro impreso antiguo